Liverpool Squad 23/24 - Statistics

General Stats
  • This quiz has been taken 280 times
    232 since last reset
  • The average score is 20 of 24
Answer Stats
# Nation Former Club Answer % Correct
1 Brazil AS Roma Alisson
99%
11 Egypt AS Roma Mohamed Salah
98%
4 Netherlands Southampton Virgil van Dijk
98%
3 Japan Stuttgart Wataru Endo
98%
9 Uruguay Benfica Darwin Nunez
97%
7 Colombia FC Porto Luis Diaz
97%
10 Argentina Brighton Alexis Mac Allister
93%
5 France RB Leipzig Ibrahima Konate
92%
18 Netherlands PSV Cody Gakpo
90%
8 Hungary RB Leipzig Dominik Szoboszlai
90%
26 Scotland Hull City Andrew Robertson
89%
20 Portugal Wolves Diogo Jota
89%
66 England Youth Trent Alexander-Arnold
89%
6 Spain Bayern Thiago
88%
2 England Charlton Joe Gomez
86%
32 Cameroon Schalke Joel Matip
82%
21 Greece Olympiacos Kostas Tsimikas
82%
38 Netherlands Bayern Ryan Gravenberch
81%
17 England Youth Curtis Jones
78%
19 England Fulham Harvey Elliott
75%
62 Ireland Youth Caoimhin Kelleher
71%
13 Spain West Ham Adrian
69%
43 Spain Youth Stefan Bajcetic
62%
47 England Youth Nathaniel Phillips
30%
No matching quizzes found
Score Distribution
Percent of People with Each Score
Percentile by Number Answered
Your Score History
You have not taken this quiz since the last reset